书目信息 |
| 题名: |
幼儿园社会主义核心价值观启蒙教育的解读
|
|
| 作者: | 陈红梅 , 胡秀玲 著 | |
| 分册: | ||
| 出版信息: | 武汉 长江少年儿童出版社 2019.10 |
|
| 页数: | 174页 | |
| 开本: | 26cm | |
| 丛书名: | ||
| 单 册: | ||
| 中图分类: | G611 | |
| 科图分类: | ||
| 主题词: | 社会主义建设--价值论--中国--教学研究--学前教育 | |
| 电子资源: | ||
| ISBN: | 978-7-5560-4777-2 | |
| 000 | 01039nam0 2200253 45 | |
| 001 | 012001001248 | |
| 005 | 20140820160122.0 | |
| 010 | @a978-7-5560-4777-2@dCNY48.00 | |
| 100 | @a20181129d2016 em y0chiy0110 ea | |
| 101 | 0 | @achi |
| 102 | @aCN@b420000 | |
| 105 | @ay z 000yy | |
| 106 | @ar | |
| 200 | 1 | @a幼儿园社会主义核心价值观启蒙教育的解读@Ayou er yuan she hui zhu yi he xin jia zhi guan qi meng jiao yu de jie du@f陈红梅, 胡秀玲著 |
| 210 | @a武汉@c长江少年儿童出版社@d2019.10 | |
| 215 | @a174页@d26cm | |
| 300 | @a2016年度湖北省学术著作出版专项资金资助项目 | |
| 330 | @a本书侧重从理论层面,将社会主义核心价值观24字精神内涵与教育部《3-6岁儿童学习与发展指南》精神相融合,对12个主题逐一解读,着重对其在幼儿园教育阶段的定位及与之相关的幼儿身心发展特点进行阐述。 | |
| 606 | 0 | @a社会主义建设@x价值论@y中国@x教学研究@x学前教育 |
| 690 | @aG611@v5 | |
| 701 | 0 | @a陈红梅@Achen hong mei@c(女,教育学@f1973~)@4著 |
| 701 | 0 | @a胡秀玲@Ahu xiu ling@c(学前教育)@4著 |
| 801 | @aCN@bAHXH@c20210922 | |
| 905 | @b1248091-5@dG611@e1812@f5 | |
| 幼儿园社会主义核心价值观启蒙教育的解读/陈红梅, 胡秀玲著.-武汉:长江少年儿童出版社,2019.10 |
| 174页;26cm |
| 2016年度湖北省学术著作出版专项资金资助项目 |
| ISBN 978-7-5560-4777-2:CNY48.00 |
| 本书侧重从理论层面,将社会主义核心价值观24字精神内涵与教育部《3-6岁儿童学习与发展指南》精神相融合,对12个主题逐一解读,着重对其在幼儿园教育阶段的定位及与之相关的幼儿身心发展特点进行阐述。 |
| ● |
| 相关链接 |
|
|
|
|
正题名:幼儿园社会主义核心价值观启蒙教育的解读
索取号:G611/1812
 
预约/预借
| 序号 | 登录号 | 条形码 | 馆藏地/架位号 | 状态 | 备注 |
| 1 | 1248091 | 212480910 | 第一样本阅览室/ [索取号:G611/1812] | 在馆 | |
| 2 | 1248092 | 212480929 | 教育系资料室/ [索取号:G611/1812] | 在馆 | |
| 3 | 1248093 | 212480938 | 教育系资料室/ [索取号:G611/1812] | 在馆 | |
| 4 | 1248094 | 212480947 | 第四借阅区/ [索取号:G611/1812] | 在馆 | |
| 5 | 1248095 | 212480956 | 第四借阅区/ [索取号:G611/1812] | 在馆 |